F1 2021 grid - Statistics

General Stats
  • This quiz has been taken 208 times
  • The average score is 18 of 20
Answer Stats
Name World Titles Wins Podiums Poles Fastest Laps Debut Saison % Correct
Lewis Hamilton 7 99 172 101 56 2007
100%
Sebastian Vettel 4 53 122 57 38 2007
98%
Max Verstappen 0 15 50 8 13 2015
97%
Charles Leclerc 0 2 13 9 4 2018
96%
Lando Norris 0 0 4 0 2 2019
96%
Sergio Perez 0 2 12 0 5 2011
96%
Carlos Sainz 0 0 3 0 1 2015
95%
Valterri Bottas 0 9 62 17 17 2013
95%
Fernando Alonso 2 32 97 22 23 2001
94%
Mick Schumacher 0 0 0 0 0 2021
94%
Pierre Gasly 0 1 3 0 3 2017
92%
Daniel Ricciardo 0 7 31 3 15 2015
91%
Esteban Ocon 0 1 2 0 0 2016
91%
Lance Stroll 0 0 3 1 0 2017
90%
Nicholas Latifi 0 0 0 0 0 2020
90%
Kimi Raikkonen 1 21 103 18 46 2001
88%
Nikita Mazepin 0 0 0 0 0 2021
88%
Yuki Tsunoda 0 0 0 0 0 2021
86%
George Russell 0 0 0 0 1 2019
85%
Antonio Giovinazzi 0 0 0 0 0 2017
75%
No matching quizzes found
Score Distribution
Percent of People with Each Score
Percentile by Number Answered
Your Score History
You have not taken this quiz